| 000 | 00524nam a22001697a 4500 | ||
|---|---|---|---|
| 003 | NUST | ||
| 038 | _aNusrat Nadeem | ||
| 082 | _a200 | ||
| 100 |
_aRauf, Abid _9124761 |
||
| 245 |
_aInformation Security in the Post Quantum Era for IoT/ _c Abid Rauf, |
||
| 264 |
_aIslamabad: _bSEECS NUST; _c2021. |
||
| 300 |
_a137,p; _bill; _c30,cm. |
||
| 650 |
_aPhD-Computer Science _9123747 |
||
| 700 |
_aSupervisor: Dr. Muhammad Ali Tahir _9124762 |
||
| 856 | _u http://10.250.8.41:8080/xmlui/handle/123456789/39637 | ||
| 942 |
_2ddc _cSC |
||
| 999 |
_c610554 _d610554 |
||